Latin America Physical, Political and Vocab Study Guide - Statistics

General Stats
  • This quiz has been taken 7 times
  • The average score is 4 of 27
Answer Stats
Definition Answer % Correct
A structure that carries water over long distances Aqueduct
50%
Spanish colonists formed large, self-sufficient farming estates known as these Hacienda
50%
A mountain chain of western South America Andes
33%
a Latin American Indian farmer or farm laborer Campesino
33%
Maize Corn
33%
A language that results from the mixing of a colonizer's language with the indigenous language of the people being dominated. Creole
33%
a group of Native Americans originally from a village south of Cuzco, Peru. Incas
33%
Ship canal cut across the isthmus of Panama by United States, it opened in 1915. Panama Canal
33%
Mexica peoples migrated into Central Mexico probably in about the 1100s Aztecs
17%
A group of seven countries located south of Mexico and north of South America Central America
17%
Argentine Cowboys Gauchos
17%
A narrow strip of land connecting two larger land areas Isthmus
17%
A Native American people, living in what is now Mexico and northern Central America, who had a flourishing civilization from before the birth of Jesus until around 1600, when they were conquered by the Spanish. They are known for their astronomical observations, accurate calendars sophisticated hieroglyphics, and pyramids. Mayans
17%
extensive lowland plains of South America extending across east-central Argentina from the Atlantic Ocean and often regarded as including Uruguay and the southern tip of Brazil Pampas
17%
The limestone skeleton of a tiny sea animal Coral
0%
A cosmopolitan place or society is full of people from many different countries and cultures. Cosmopolitan
0%
(n.) difference, variety; a condition of having many different types of forms Diversity
0%
A person who leaves a country or region to live elsewhere Emigrant
0%
Members of an irregular military force operating in small bands behind enemy lines Guerrillas
0%
An ancient Egyptian writing system in which pictures were used to represent ideas and sounds Hieroglyphics
0%
Lock, canal, stretch of water enclosed by gates, one at each end, built into a canal or river for the purpose of raising or lowering a vessel from one water level to another Lock
0%
The term given to zones in northern Mexico with factories supplying manufactured goods to the U.S. market. The low-wage workers in the primarily foreign-owned factories assemble imported components and/or raw materials and then export finished goods. Maquiladora
0%
A person of mixed Native American and European ancestory Mestizos
0%
A person who travels from farm to farm to pick fruits and vegetables Migrant farm worker
0%
A large area of flat land elevated high above sea level Plateu
0%
A settler with no legal title to the property. Squatter
0%
A stream or river that flows into a larger river Tributary
0%
No matching quizzes found
Score Distribution
Percent of People with Each Score
Percentile by Number Answered
Your Score History
You have not taken this quiz